[Event "North Austria-ch Seniors 65"]
[Site "Spitz am Donau"]
[Date "2017.10.08"]
[Round "1"]
[White "Fichtinger, Karl"]
[Black "Hicker, Harald"]
[Result "0-1"]
[WhiteElo "1554"]
[BlackElo "1979"]
[PlyCount "28"]
[EventDate "2017.10.08"]
[EventType "swiss"]
[EventRounds "7"]
[EventCountry "AUT"]
[SourceTitle "CBM 181 Extra"]
[Source "ChessBase"]
[SourceDate "2017.12.12"]
[SourceVersion "1"]
[SourceVersionDate "2017.12.12"]
[SourceQuality "1"]

1. e4 e5 2. Nc3 d6 3. Nf3 Nf6 4. Bc4 Be7 5. d4 exd4 6. Nxd4 0-0 7. 0-0 Nc6 8. Nxc6 bxc6 9. Bd3 Ng4 10. f4 d5 11. exd5 Bc5+ 12. Kh1 Qh4 13. h3 Qg3 14. Bxh7+ Kh8 0-1